| 000 | 00354nam a22001337a 4500 | ||
|---|---|---|---|
| 008 | 250721b |||||||| |||| 00| 0 eng d | ||
| 020 | _a0721611400 | ||
| 050 |
_aHD58 _b.A58 |
||
| 100 | _aALTMAN Steven | ||
| 245 | _aReading in Organizational Behaviour | ||
| 260 |
_aUnited States of America _bW.B Saunder Company _c1979 |
||
| 300 | _avii, 354 | ||
| 942 | _cBK | ||
| 999 |
_c4359 _d4359 |
||